000 00278nam a22001217a 4500
008 170629b xxu||||| |||| 00| 0 eng d
041 _aeng
080 _a82
100 _a22
101 _aGJL
245 _aAN ANTHOLOGY OF ENGLISH LITERATURE
_cMCCUTCHEON, R.P
942 _2udc
_cBK
999 _c19609
_d19609